Score 0/190 Timer 09:00
0 Plays Today
Lyrics % Correct
{Chorus}
99.7%
{Chorus x2)
99.7%
{Verse 1}
99.6%
{Bridge}
99.6%
{Verse 2}
99.3%
{Chorus}
99.2%
I
94.5%
I
94.5%
a
91.1%
a
91.1%
You
88.4%
You
88.3%
You
88.3%
you
88.3%
you
88.3%
You
88.3%
You
88.3%
you
88.3%
the
85.5%
the
85.5%
the
85.5%
The
85.5%
The
85.5%
The
85.5%
the
85.5%
the
85.5%
the
85.5%
the
85.5%
the
85.5%
the
85.5%
the
85.5%
me
79%
me
79%
me
79%
me
79%
me
79%
me
79%
me
79%
me
79%
me
79%
me
79%
me
79%
and
77.9%
and
77.9%
and
77.9%
and
77.9%
and
77.9%
and
77.9%
and
77.9%
and
77.9%
and
77.9%
And
77.9%
on
74%
on
74%
on
74%
on
74%
on
74%
on
74%
on
74%
on
74%
on
74%
on
74%
on
74%
on
74%
Lyrics % Correct
on
74%
love
73%
love
73%
love
73%
be
72.7%
to
72.7%
to
72.7%
to
72.7%
to
72.7%
to
72.7%
in
66.1%
in
66.1%
my
65.9%
my
65.9%
my
65.9%
my
65.9%
your
65.7%
your
65.7%
your
65.7%
your
65.7%
so
64.8%
of
61%
of
61%
of
61%
No
60.5%
no
60.4%
do
59.9%
are
54.1%
are
54.1%
You're
53.4%
you're
53.3%
You're
53.3%
goes
51.2%
goes
51.2%
what
49.4%
like
47.9%
This
47.2%
heart
47%
heart
47%
beat
45.9%
beat
45.9%
will
43.4%
make
43.3%
make
43.3%
feel
41.6%
feel
41.6%
feel
41.6%
now
40.2%
now
40.2%
all
38.4%
Come
38.2%
come
38.2%
Come
38.2%
Come
38.2%
could
38.1%
up
36%
up
36%
I'll
35.8%
just
35.6%
Just
35.6%
just
35.6%
with
35%
good
32.2%
good
32.2%
Lyrics % Correct
good
32.2%
sound
31.7%
sound
31.7%
as
31.3%
tell
30.8%
take
29.1%
or
27.3%
say
26.7%
Boom
26.7%
Boom
26.6%
boom
26.6%
boom
26.6%
Boom
26.6%
Boom
26.6%
Boom
26.6%
must
26.5%
clap
26.2%
clap
26.2%
clap
26.2%
Clap
26.2%
clap
26.2%
light
25.8%
world
24.7%
let
21.8%
Going
19.8%
right
19.4%
over
18.7%
sun
18.6%
into
17.7%
moon
17.2%
keep
16%
word
15.9%
kiss
15.8%
under
14.7%
under
14.7%
perfect
14.2%
picture
13.5%
Stars
13.3%
First
12.9%
fall
12.9%
follow
12%
blue
10.8%
drug
10.5%
magic
9.8%
lose
9.7%
darkness
9.5%
shadow
9.2%
gold
9.2%
silver
9%
veins
8.2%
shining
8.2%
dress
8.2%
halo
7.9%
spell
7.8%
influence
7.5%
Sunbathing
7.3%
illuminate
7.1%
bones
6.4%
glitter
6.1%
glowing
6.1%
burning
5.9%
cast
5.1%
Remove Ads.
Support Sporcle.
Get the best of Sporcle when you Go Orange. This ad-free experience offers more features, more stats, and more fun while also helping to support Sporcle. Thank you for becoming a member.

You're not logged in!

Compare scores with friends on all Sporcle quizzes.
OR
Log In

Show Comments

Extras

Top Quizzes Today


Score Distribution

Your Account Isn't Verified!

In order to create a playlist on Sporcle, you need to verify the email address you used during registration. Go to your Sporcle Settings to finish the process.

Report this User

Report this user for behavior that violates our Community Guidelines.

Details: